Statistics for Languages of Europe + Caucasus and Turkey

Click here to take the quiz!

General Stats

  • This quiz has been taken 17 times
  • The average score is 85 of 169

Answer Stats

Countries of Large
Concentration
# of Native Speakers
(in Europe)
Answer% Correct
Russia/Belarus +106,500,000Russian
100%
Armenia/Azerbaijan +3,610,000Armenian
92%
Azerbaijan/Russia11,000,000Azerbaijani
92%
UK/Ireland +63,000,000English
92%
Georgia/Turkey +3,384,888Georgian
92%
Germany/Austria +97,000,000German
92%
Turkey/Cyprus +82,600,000Turkish
92%
Albania/Kosovo +5,940,100Albanian
85%
Belarus3,300,000Belarusian
85%
Bosnia/Serbia +2,500,000Bosnian
85%
Spain/Andorra/France4,000,000Catalan
85%
Croatia/Bosnia +5,600,000Croatian
85%
Czechia10,600,000Czech
85%
Denmark/Germany +5,500,000Danish
85%
Netherlands/Belgium +22,000,000Dutch
85%
Estonia1,165,400Estonian
85%
France/Belgium +81,000,000French
85%
Greece/Cyprus +14,179,883Greek
85%
Ireland/UK240,000Irish
85%
Italy/San Marino +65,000,000Italian
85%
Italy20,000Italiot Greek
85%
Switzerland40,000Romansh
85%
UK57,000Scottish Gaelic
85%
Serbia/Bosnia +9,000,000Serbian
85%
Spain47,000,000Spanish
85%
Sweden/Finland11,100,000Swedish
85%
Georgia/Turkey231,000Abkhaz
77%
Spain/France750,000Basque
77%
France206,000Breton
77%
Bulgaria/Greece +8,200,000Bulgarian
77%
Spain/Portugal2,400,000Galician
77%
Hungary/Romana +13,000,000Hungarian
77%
Iceland330,000Icelandic
77%
Turkey/Azerbaijan +15,100,000Kurdish
77%
Vatican Cityn/aLatin
77%
Latvia1,750,000Latvian
77%
Lithuania/Belarus +3,000,000Lithuanian
77%
Luxembourg/Belgium336,000Luxembourgish
77%
Macedonia/Greece +1,400,000Macedonian
77%
Norway5,200,000Norwegian
77%
Poland38,500,000Polish
77%
Portugal10,000,000Portuguese
77%
Italu1,350,000Sardinian
77%
Italy4,700,000Sicilian
77%
Slovakia5,200,000Slovak
77%
Slovenia/Italy2,100,000Slovene
77%
UK562,000Welsh
77%
Germany/Austria/Italy14,000,000Bavarian
69%
Russia/Georgia1,400,000Chechen
69%
Denmark66,150Faroese
69%
Finland/Sweden +5,400,000Finnish
69%
Netherlands/Germany +470,000Frisian
69%
Russia300,000Ingush
69%
Russia80,500Kalmyk
69%
Russia/FInland36,000Karelian
69%
Malta520,000Maltese
69%
Italy5,700,000Neapolitan
69%
France/Italy +500,000Occitan
69%
Russia/Georgia450,000Ossetian
69%
All of Europe2,000,000Romani
69%
Romania/Moldova +24,000,000Romanian
69%
Sweden/Finland +23,000Sami
69%
Switzerland5,000,000Swiss German
69%
Russia/Azerbaijan40,000Tat
69%
Russia4,300,000Tatar
69%
Ukraine/Moldova +32,600,000Ukrainian
69%
Italy/Croatia +3,800,000Venetian
69%
Belgium/France600,000Walloon
69%
Spain25,000Aragonese
62%
UK563Cornish
62%
France/Italy125,000Corsican
62%
Ukraine/Turkey +580,000Crimean Tatar
62%
Moldova140,000Gagauz
62%
Russia300,000Karachay-Balkar
62%
Kazakhstan/Russia1,000,000Kazakh
62%
Russia220,000Komi
62%
Italy/Switzerland3,600,000Lombard
62%
Montenegro240,700Montenegrin
62%
Italy1,600,000Piedmontese
62%
Poland/Czechia522,000Silesian
62%
Poland11,000Silesian German
62%
Spain351,791Asturian
54%
Russia760,000Avar
54%
Poland50,000Kashubian
54%
Italy41,12Ladin
54%
UK230Manx
54%
Russia500,000Mari
54%
Russia340,000Udmurt
54%
Russia/Turkey433,500Adyghe
46%
Turkey2,437,000Arabic
46%
Greece/Albania +114,000Aromanian
46%
Russia1,221,000Bashkir
46%
Russia1,100,000Chuvash
46%
Spain200,000Extremaduran
46%
France/Italy140,000Franco-Provençal
46%
Italy/Monaco500,000Ligurian
46%
Germany/Netherlands1,000,000Low German
46%
Greece/Macedonia3,000Megleno-Romanian
46%
UK/Ireland110,000Scots
46%
Germany2,000,000Upper Saxon
46%
Germany/Russia +600,000Yiddish
46%
Italyn/aEmilian
38%
Turkey/Georgia22,000Laz
38%
Netherlands/Belgium1,300,000Limburgish
38%
Latvia1Livonian
38%
Georgia344,000Mingrelian
38%
Russia2,000Moksha
38%
Russia4,000Nenets
38%
Russia/Kazakhstan +87,000Nogai
38%
France/UK50,000Norman
38%
Ukraine/Slovakia +70,000Rusyn
38%
Germany20,000Sorbian
38%
Georgia30,000Svan
38%
Russia1,640Vespian
38%
Russia29,300Aghul
31%
Russia120,000Erzya
31%
Russia120Ingrian
31%
Russia530,000Kabardian
31%
Russia450,000Kumyk
31%
Russia/Azerbaijan397,000Lezgin
31%
Portugal15,000Mirandese
31%
Italy/San Marinon/aRomagnol
31%
Russia127,000Tabasaran
31%
Russia49,800Abaza
23%
Georgia3,000Bats
23%
Croatia1,100Istro-Romanian
23%
Russia152,050Lak
23%
Latvia200,000Latgalian
23%
Germany4,900,000Mainfränkisch
23%
France/Belgum200,000Picard
23%
Russia36,000Rutul
23%
Germany820,000Swabian German
23%
Netherlands220,000Zeelandic
23%
Russia/Azerbaijan210Akhvakh
15%
Russia5,800Andi
15%
Russia970Archi
15%
Russia1,500Bagvalal
15%
Russia6,800Bezhta
15%
Russia210Botlikh
15%
Russia500Chamalal
15%
Russia490,000Dargwa
15%
Russia130Godoberi
15%
Russia/Georgia1,400Hunzib
15%
Croatia900Istriot
15%
Greece/Bosnia +n/aJudeo-Spanish
15%
Russia260Karata
15%
Russia1,700Khwarshi
15%
Russia2,200Tindi
15%
Russia13,000Tsez
15%
Russia21Votic
15%
Turkey3,000,000Zaza
15%
Italy400Cimbrian
8%
Sweden2,000Elfdalian
8%
Spain11,000Fala
8%
Italy600,000Friulan
8%
Russia350Hinuq
8%
Italy250Judeo-Italian
8%
Russia30,000Kaitag
8%
Russia7,000Kubachi
8%
Norway~5000Kven
8%
Russia300Ludic
8%
Portugal500Minderico
8%
Germany1,000,000Palatinate German
8%
Georgia/Turkey +12,000Pontic Greek
8%
Poland70Wymysorys
8%
Azerbaijan24,000Juhuri
0%
Turkey/Armenia +8,200,000Kurmanji
0%
Estonia87,000Võro
0%
Switzerland16,000Yenish
0%

Score Distribution

Percentile by Number Answered

Percent of People with Each Score

Your Score History

You have not taken this quiz